[Event "Mistrovstvi Cech 2019 - U14"]
[Site "Prichovice u Korenova"]
[Date "2019.10.26"]
[Round "1.18"]
[White "Dolensky, Filip"]
[Black "Jirotova, Eliska"]
[Result "1-0"]
[WhiteElo "1609"]
[BlackElo "1305"]
[PlyCount "95"]
[EventDate "2019.10.26"]

{[%evp 0,90,21,23,34,44,53,33,67,42,23,-7,-13,-31,15,-2,43,10,47,-5,41,1,79,75,
130,113,130,117,134,104,106,81,76,59,83,61,74,70,110,54,207,41,73,94,86,94,122,
120,147,152,144,114,156,157,193,165,209,175,175,155,160,150,166,160,166,160,
160,157,138,120,159,165,172,172,170,193,196,181,221,161,178,150,171,150,149,
152,151,145,198,175,175,98,196]} 1. e4 c5 2. Nc3 Nc6 3. Bb5 g6 4. Bxc6 bxc6 5.
f4 Bg7 6. Nf3 e6 7. d3 Ne7 8. O-O O-O 9. Qe1 d6 10. Qf2 Bd7 11. e5 Qc7 12. exd6
Qxd6 13. Ne4 Qc7 14. Qxc5 Nd5 15. g3 Rab8 16. c3 Rfd8 17. Qf2 Bc8 18. Nc5 Bb7
19. d4 Nf6 20. h3 Nd7 21. Nxb7 Rxb7 22. Ne5 Nxe5 23. fxe5 Qd7 24. Bg5 Rf8 25.
b3 Qd5 26. Rad1 a6 27. c4 Qd7 28. Bf6 Bxf6 29. exf6 Rd8 30. Qe3 Qe8 31. Rfe1
Rbb8 32. Qe5 Qf8 33. Kg2 Rd7 34. Qf4 Rbd8 35. Re5 Rc8 36. g4 c5 37. d5 exd5 38.
Rexd5 Rxd5 39. Rxd5 Rc6 40. g5 Re6 41. Re5 Rxe5 42. Qxe5 Qc8 43. Kg3 Kf8 44.
Qd6+ Kg8 45. a3 Kh8 46. b4 cxb4 47. axb4 Kg8 48. c5 1-0

[Event "Mistrovstvi Cech 2019 - U14"]
[Site "Prichovice u Korenova"]
[Date "2019.10.26"]
[Round "1.19"]
[White "Handlovsky, Jachym"]
[Black "Juchelka, Marek"]
[Result "0-1"]
[WhiteElo "1275"]
[BlackElo "1604"]
[PlyCount "70"]
[EventDate "2019.10.26"]

{[%evp 0,70,21,30,53,53,88,80,55,37,110,94,66,58,58,35,30,31,52,35,41,25,19,34,
33,-58,-14,-22,-60,-101,-90,-91,-98,-107,-107,-107,-107,-108,-106,-107,-107,
-107,-99,-93,-112,-112,-97,-106,-88,-151,-152,-181,-188,-203,-196,-204,-182,
-197,-163,-154,-148,-289,-339,-357,-388,-391,-391,-432,-566,-568,-585,-589,
-618]} 1. e4 c5 2. Nf3 d6 3. d4 cxd4 4. Nxd4 g6 5. Nc3 Bg7 6. Be3 Nf6 7. f3 Nc6
8. Qd2 a6 9. Be2 O-O 10. O-O-O Nxd4 11. Bxd4 b5 12. e5 dxe5 13. Bxe5 Qxd2+ 14.
Rxd2 Bh6 15. f4 Nd7 16. Bc7 Ra7 17. Nd5 Rxc7 18. Nxc7 Bxf4 19. Nd5 Bxd2+ 20.
Kxd2 e6 21. Ne7+ Kg7 22. Nxc8 Rxc8 23. Rd1 Nf6 24. b3 Ne4+ 25. Ke1 Nc3 26. Rd2
Nxa2 27. c4 Nc3 28. Rc2 Nxe2 29. Kxe2 bxc4 30. Rxc4 Rxc4 31. bxc4 Kf6 32. Ke3
e5 33. Ke4 Ke6 34. c5 f5+ 35. Kd3 Kd5 0-1

[Event "Mistrovstvi Cech 2019 - U14"]
[Site "Prichovice u Korenova"]
[Date "2019.10.26"]
[Round "1.17"]
[White "Havelkova, Beata"]
[Black "Zalusky, Matej"]
[Result "0-1"]
[WhiteElo "1328"]
[BlackElo "1617"]
[PlyCount "36"]
[EventDate "2019.10.26"]

{[%evp 0,36,21,31,53,9,9,15,13,18,42,63,75,73,84,18,1,-8,-35,-59,-36,-81,-54,
-61,-54,-54,-27,-18,-73,-68,-29,-74,-93,-222,-177,-320,-466,-824,-890]} 1. e4
c5 2. c3 Nc6 3. d4 cxd4 4. cxd4 Nf6 5. d5 Ne5 6. f4 Ng6 7. Nf3 Nxe4 8. f5 Qa5+
9. Nc3 Nxc3 10. bxc3 Ne5 11. Bb2 Nxf3+ 12. Qxf3 e6 13. fxe6 dxe6 14. Bc4 Be7
15. dxe6 Qe5+ 16. Kf1 Bxe6 17. Bxe6 fxe6 18. Rb1 Rf8 0-1

[Event "Mistrovstvi Cech 2019 - U16"]
[Site "?"]
[Date "2019.10.26"]
[Round "1.1"]
[White "Rousek, Jan"]
[Black "Hofman, Krystof"]
[Result "1/2-1/2"]
[BlackElo "2089"]
[WhiteElo "1607"]
[LiveChessVersion "1.4.8"]

1. d4 {[%clk 1:30:56]} Nf6 {[%clk 1:30:49]} 2. c4 {[%clk 1:31:15]} g6
{[%clk 1:31:09]} 3. g3 {[%clk 1:31:34]} Bg7 {[%clk 1:31:16]} 4. Bg2
{[%clk 1:31:54]} O-O {[%clk 1:31:12]} 5. Nc3 {[%clk 1:31:55]} d6 {[%clk 1:31:18]}
6. Nf3 {[%clk 1:31:49]} c5 {[%clk 1:31:37]} 7. dxc5 {[%clk 1:31:48]} dxc5
{[%clk 1:31:19]} 8. Qxd8 {[%clk 1:31:59]} Rxd8 {[%clk 1:30:55]} 9. Be3
{[%clk 1:32:00]} Nfd7 {[%clk 1:20:18]} 10. O-O-O {[%clk 1:28:08]} Nc6
{[%clk 1:18:28]} 11. Nd5 {[%clk 1:21:32]} b6 {[%clk 1:06:28]} 12. Rd2
{[%clk 1:10:44]} Rb8 {[%clk 0:56:20]} 13. Rhd1 {[%clk 1:02:09]} Kf8
{[%clk 0:48:59]} 14. Bf4 {[%clk 0:41:28]} Nde5 {[%clk 0:40:16]} 15. Nxe5
{[%clk 0:32:23]} Nxe5 {[%clk 0:37:36]} 16. Nxb6 {[%clk 0:09:48]} Rxd2
{[%clk 0:33:38]} 17. Rxd2 {[%clk 0:10:06]} Be6 {[%clk 0:31:25]} 18. Nd5
{[%clk 0:08:35]} g5 {[%clk 0:27:42]} 19. Bxe5 {[%clk 0:06:53]} Bxe5
{[%clk 0:28:06]} 20. b3 {[%clk 0:06:38]} h6 {[%clk 0:21:35]} 21. Ne3
{[%clk 0:05:52]} Bd4 1/2-1/2

[Event "Mistrovstvi Cech 2019 - U16"]
[Site "?"]
[Date "2019.10.26"]
[Round "1.2"]
[White "Rokos, Filip"]
[Black "Drda, Stepan"]
[Result "1-0"]
[BlackElo "1595"]
[WhiteElo "2065"]
[LiveChessVersion "1.4.8"]

1. e4 {[%clk 1:30:58]} c6 {[%clk 1:30:54]} 2. d4 {[%clk 1:31:18]} g6
{[%clk 1:31:13]} 3. c4 {[%clk 1:29:52]} Bg7 {[%clk 1:30:13]} 4. Nc3
{[%clk 1:30:13]} d6 {[%clk 1:30:00]} 5. Be3 {[%clk 1:29:34]} Nf6 {[%clk 1:28:46]}
6. f3 {[%clk 1:28:46]} O-O {[%clk 1:23:40]} 7. Qd2 {[%clk 1:27:20]} e5
{[%clk 1:12:28]} 8. O-O-O {[%clk 1:26:25]} Nbd7 {[%clk 1:07:38]} 9. Kb1
{[%clk 1:23:01]} Ne8 {[%clk 1:03:09]} 10. dxe5 {[%clk 1:16:25]} Bxe5
{[%clk 0:58:03]} 11. Bh6 {[%clk 1:14:51]} Bg7 {[%clk 0:55:22]} 12. Bxg7
{[%clk 1:11:01]} Kxg7 {[%clk 0:52:38]} 13. h4 {[%clk 1:10:55]} f5
{[%clk 0:43:45]} 14. exf5 {[%clk 1:08:47]} Rxf5 {[%clk 0:43:06]} 15. Bd3
{[%clk 1:06:43]} Rh5 {[%clk 0:40:18]} 16. Nh3 {[%clk 1:05:46]} Ne5
{[%clk 0:36:30]} 17. Ng5 {[%clk 0:56:16]} Nxd3 {[%clk 0:31:53]} 18. Qxd3
{[%clk 0:56:35]} Bf5 {[%clk 0:31:07]} 19. Nce4 {[%clk 0:55:38]} Qe7
{[%clk 0:21:13]} 20. g4 {[%clk 0:41:09]} Bxe4 {[%clk 0:19:53]} 21. fxe4
{[%clk 0:39:59]} Rxg5 {[%clk 0:18:24]} 22. hxg5 {[%clk 0:40:17]} Qxg5
{[%clk 0:18:38]} 23. Qc3+ {[%clk 0:37:29]} Kg8 {[%clk 0:17:31]} 24. Qf3
{[%clk 0:35:36]} 1-0

[Event "Mistrovstvi Cech 2019 - U16"]
[Site "?"]
[Date "2019.10.26"]
[Round "1.3"]
[White "Macok, Martin"]
[Black "Ret, Adam Josef"]
[Result "1/2-1/2"]
[BlackElo "2047"]
[WhiteElo "1583"]
[LiveChessVersion "1.4.8"]

1. f4 {[%clk 1:30:48]} Nf6 {[%clk 1:28:45]} 2. Nf3 {[%clk 1:30:42]} d6
{[%clk 1:28:54]} 3. e3 {[%clk 1:30:16]} Nbd7 {[%clk 1:28:38]} 4. Be2
{[%clk 1:30:05]} e5 {[%clk 1:27:33]} 5. fxe5 {[%clk 1:26:59]} dxe5
{[%clk 1:27:10]} 6. Nc3 {[%clk 1:25:01]} Bd6 {[%clk 1:20:58]} 7. b3
{[%clk 1:21:39]} c6 {[%clk 1:20:46]} 8. Bb2 {[%clk 1:20:43]} O-O {[%clk 1:19:00]}
9. a4 {[%clk 1:15:52]} Qe7 {[%clk 1:17:16]} 10. Qc1 {[%clk 0:54:01]} e4
{[%clk 1:09:58]} 11. Nd4 {[%clk 0:42:34]} Ne5 {[%clk 1:09:08]} 12. Ba3
{[%clk 0:40:58]} Rd8 {[%clk 0:55:56]} 13. O-O {[%clk 0:33:27]} Bxa3
{[%clk 0:55:01]} 14. Rxa3 {[%clk 0:31:30]} g6 {[%clk 0:48:33]} 15. Rf4
{[%clk 0:19:14]} a6 {[%clk 0:37:13]} 16. Nxe4 {[%clk 0:13:20]} Nxe4
{[%clk 0:34:37]} 17. Rxe4 {[%clk 0:13:43]} f5 {[%clk 0:34:34]} 18. Rf4
{[%clk 0:08:40]} c5 {[%clk 0:33:20]} 19. Nf3 {[%clk 0:05:17]} g5 {[%clk 0:32:19]}
20. Nxe5 {[%clk 0:05:21]} gxf4 {[%clk 0:32:01]} 21. exf4 {[%clk 0:04:35]} Qd6
{[%clk 0:30:32]} 22. Bc4+ {[%clk 0:02:03]} Kf8 {[%clk 0:30:33]} 23. d3
{[%clk 0:02:18]} Qd4+ {[%clk 0:26:31]} 24. Kh1 {[%clk 0:02:26]} Bd7
{[%clk 0:26:37]} 25. c3 {[%clk 0:01:20]} Qf2 {[%clk 0:26:58]} 26. Ra1
{[%clk 0:01:29]} Rab8 {[%clk 0:24:59]} 27. Qe1 {[%clk 0:00:56]} Qxe1+
{[%clk 0:17:03]} 28. Rxe1 {[%clk 0:01:24]} b5 {[%clk 0:17:06]} 29. axb5
{[%clk 0:01:53]} axb5 {[%clk 0:17:35]} 30. Bd5 {[%clk 0:02:18]} Rb6
{[%clk 0:17:11]} 31. c4 {[%clk 0:01:26]} bxc4 {[%clk 0:14:55]} 32. bxc4
{[%clk 0:01:55]} Bc8 {[%clk 0:14:30]} 33. h3 1/2-1/2

[Event "Mistrovstvi Cech 2019 - U16"]
[Site "?"]
[Date "2019.10.26"]
[Round "1.4"]
[White "Jirousek, Jan"]
[Black "Blazek, Matej"]
[Result "1-0"]
[BlackElo "1563"]
[WhiteElo "2034"]
[LiveChessVersion "1.4.8"]

1. d4 {[%clk 1:30:48]} d5 {[%clk 1:30:42]} 2. Nf3 {[%clk 1:30:48]} Nf6
{[%clk 1:30:18]} 3. c4 {[%clk 1:30:57]} e6 {[%clk 1:30:35]} 4. Nc3
{[%clk 1:31:04]} c6 {[%clk 1:28:09]} 5. Bg5 {[%clk 1:30:39]} Nbd7
{[%clk 1:27:35]} 6. cxd5 {[%clk 1:30:48]} cxd5 {[%clk 1:27:17]} 7. e3
{[%clk 1:29:53]} Be7 {[%clk 1:26:47]} 8. Bd3 {[%clk 1:30:06]} a6 {[%clk 1:25:03]}
9. O-O {[%clk 1:30:01]} O-O {[%clk 1:24:23]} 10. Rc1 {[%clk 1:30:02]} b5
{[%clk 1:22:26]} 11. a3 {[%clk 1:26:46]} Bb7 {[%clk 1:20:49]} 12. Bb1
{[%clk 1:21:21]} Rc8 {[%clk 1:19:09]} 13. Qd3 {[%clk 1:15:19]} Ne4
{[%clk 0:58:33]} 14. Bxe7 {[%clk 1:12:33]} Qxe7 {[%clk 0:58:49]} 15. Nd2
{[%clk 1:09:35]} f5 {[%clk 0:55:44]} 16. Ndxe4 {[%clk 1:08:09]} fxe4
{[%clk 0:56:02]} 17. Qe2 {[%clk 1:06:15]} Qg5 {[%clk 0:54:30]} 18. f3
{[%clk 1:03:29]} exf3 {[%clk 0:54:12]} 19. Rxf3 {[%clk 1:03:56]} Rxf3
{[%clk 0:54:27]} 20. Qxf3 {[%clk 1:04:15]} Rf8 {[%clk 0:54:33]} 21. Qh3
{[%clk 1:04:04]} Qh6 {[%clk 0:52:39]} 22. Qxh6 {[%clk 1:01:09]} gxh6
{[%clk 0:52:44]} 23. Ne2 {[%clk 0:58:35]} Rc8 {[%clk 0:52:49]} 24. Rxc8+
{[%clk 0:58:10]} Bxc8 {[%clk 0:53:11]} 25. Nf4 {[%clk 0:55:29]} Nf8
{[%clk 0:52:23]} 26. Kf2 {[%clk 0:48:05]} Kf7 {[%clk 0:52:17]} 27. Kf3
{[%clk 0:46:25]} Kf6 {[%clk 0:52:08]} 28. Nh5+ {[%clk 0:40:37]} Kg5
{[%clk 0:51:43]} 29. Ng3 {[%clk 0:36:40]} Bd7 {[%clk 0:51:32]} 30. Ne2
{[%clk 0:27:13]} Be8 {[%clk 0:51:37]} 31. Nf4 {[%clk 0:26:59]} Bg6
{[%clk 0:51:36]} 32. Bxg6 {[%clk 0:26:51]} hxg6 {[%clk 0:51:35]} 33. Nd3
{[%clk 0:27:01]} Kf5 {[%clk 0:46:45]} 34. Nc5 {[%clk 0:25:11]} a5
{[%clk 0:46:07]} 35. Nb7 {[%clk 0:25:29]} Nd7 {[%clk 0:45:49]} 36. Nd6+
{[%clk 0:22:52]} Kf6 {[%clk 0:45:53]} 37. Nxb5 {[%clk 0:23:40]} Nb6
{[%clk 0:46:11]} 38. b3 {[%clk 0:19:50]} Kf5 {[%clk 0:46:20]} 39. Nd6+
{[%clk 0:18:49]} Kf6 {[%clk 0:46:24]} 40. a4 {[%clk 0:19:05]} e5 {[%clk 0:45:37]}
41. Nb7 {[%clk 0:18:48]} e4+ {[%clk 0:45:51]} 42. Ke2 {[%clk 0:18:51]} g5
{[%clk 0:45:24]} 43. Nxa5 {[%clk 0:19:01]} g4 {[%clk 0:45:44]} 44. Nc6
{[%clk 0:18:52]} 1-0

[Event "Mistrovstvi Cech 2019 - U16"]
[Site "?"]
[Date "2019.10.26"]
[Round "1.5"]
[White "Malkova, Adriana"]
[Black "Skypala, Ondrej"]
[Result "0-1"]
[BlackElo "2016"]
[WhiteElo "1551"]
[LiveChessVersion "1.4.8"]

1. c4 {[%clk 1:30:58]} Nf6 {[%clk 1:30:50]} 2. g3 {[%clk 1:31:12]} g6
{[%clk 1:31:13]} 3. Bg2 {[%clk 1:31:35]} Bg7 {[%clk 1:31:32]} 4. Nf3
{[%clk 1:31:52]} O-O {[%clk 1:31:53]} 5. O-O {[%clk 1:31:56]} d6 {[%clk 1:31:53]}
6. Nc3 {[%clk 1:31:49]} e5 {[%clk 1:32:18]} 7. e3 {[%clk 1:31:12]} Nc6
{[%clk 1:24:29]} 8. d4 {[%clk 1:28:55]} a6 {[%clk 1:18:12]} 9. a3
{[%clk 1:26:34]} Bg4 {[%clk 1:13:03]} 10. h3 {[%clk 1:22:26]} Bf5
{[%clk 1:11:31]} 11. b4 {[%clk 1:17:33]} Ne4 {[%clk 1:08:47]} 12. Nxe4
{[%clk 1:13:24]} Bxe4 {[%clk 1:09:11]} 13. d5 {[%clk 1:12:48]} Ne7
{[%clk 1:08:18]} 14. Bb2 {[%clk 1:07:49]} h6 {[%clk 1:06:09]} 15. Qb3
{[%clk 1:05:12]} f5 {[%clk 1:05:48]} 16. Nd2 {[%clk 1:03:49]} Bxg2
{[%clk 1:06:05]} 17. Kxg2 {[%clk 1:04:10]} g5 {[%clk 1:05:24]} 18. Rae1
{[%clk 1:00:45]} Ng6 {[%clk 1:03:26]} 19. f4 Qd7 20. fxe5 {[%clk 0:51:41]} Bxe5
{[%clk 1:01:05]} 21. Bxe5 {[%clk 0:51:24]} Nxe5 {[%clk 1:01:31]} 22. Nf3
{[%clk 0:50:42]} Nxf3 {[%clk 1:01:56]} 23. Rxf3 {[%clk 0:50:58]} Rae8
{[%clk 1:02:20]} 24. Qd3 {[%clk 0:46:32]} Re5 {[%clk 0:59:13]} 25. Ref1
{[%clk 0:45:54]} Qe7 {[%clk 0:47:17]} 26. g4 {[%clk 0:43:53]} Re8
{[%clk 0:44:35]} 27. gxf5 {[%clk 0:26:59]} Rxe3 {[%clk 0:44:59]} 28. Rxe3
{[%clk 0:14:41]} Qxe3 {[%clk 0:45:23]} 29. Qxe3 {[%clk 0:14:56]} Rxe3
{[%clk 0:45:45]} 30. Rf3 {[%clk 0:15:02]} Rxf3 {[%clk 0:44:38]} 31. Kxf3
{[%clk 0:15:24]} h5 {[%clk 0:45:04]} 32. c5 {[%clk 0:14:27]} b6 {[%clk 0:45:17]}
33. cxd6 {[%clk 0:14:32]} cxd6 {[%clk 0:45:43]} 34. a4 {[%clk 0:14:06]} Kf7
{[%clk 0:45:46]} 35. Ke3 {[%clk 0:09:37]} Kf6 {[%clk 0:46:12]} 36. Ke4
{[%clk 0:09:45]} b5 {[%clk 0:46:37]} 37. axb5 {[%clk 0:10:01]} axb5
{[%clk 0:47:03]} 38. Ke3 {[%clk 0:09:18]} Kxf5 {[%clk 0:47:28]} 39. Kf3
{[%clk 0:09:24]} Ke5 {[%clk 0:47:54]} 0-1

[Event "Mistrovstvi Cech 2019 - U16"]
[Site "?"]
[Date "2019.10.26"]
[Round "1.6"]
[White "Krizek, Krystof"]
[Black "Holub, Adam"]
[Result "1-0"]
[BlackElo "1549"]
[WhiteElo "1980"]
[LiveChessVersion "1.4.8"]

1. e4 {[%clk 1:30:58]} c6 {[%clk 1:30:23]} 2. d4 {[%clk 1:30:37]} d5
{[%clk 1:30:17]} 3. e5 {[%clk 1:30:00]} Bf5 {[%clk 1:28:51]} 4. h4
{[%clk 1:30:22]} h5 {[%clk 1:23:48]} 5. Bd3 {[%clk 1:30:34]} Bxd3
{[%clk 1:22:39]} 6. Qxd3 {[%clk 1:30:57]} e6 {[%clk 1:22:33]} 7. Nf3
{[%clk 1:27:08]} Be7 {[%clk 1:16:06]} 8. Bg5 {[%clk 1:26:36]} Nh6
{[%clk 1:11:15]} 9. Nbd2 {[%clk 1:22:57]} Nd7 {[%clk 1:07:41]} 10. Nf1
{[%clk 1:18:52]} Nf5 {[%clk 1:04:24]} 11. Ne3 {[%clk 1:18:03]} Nxe3
{[%clk 1:03:32]} 12. fxe3 {[%clk 1:18:17]} g6 {[%clk 0:50:29]} 13. O-O
{[%clk 1:15:07]} O-O {[%clk 0:37:29]} 14. Rf2 {[%clk 1:15:01]} Kg7
{[%clk 0:36:39]} 15. Raf1 {[%clk 1:13:45]} f5 {[%clk 0:34:48]} 16. exf6+
{[%clk 1:13:48]} Bxf6 {[%clk 0:33:57]} 17. Ne5 {[%clk 1:07:56]} Bxg5
{[%clk 0:20:08]} 18. Qxg6+ {[%clk 1:06:48]} Kh8 {[%clk 0:19:00]} 19. Rxf8+
{[%clk 1:06:07]} 1-0

[Event "Mistrovstvi Cech 2019 - U16"]
[Site "?"]
[Date "2019.10.26"]
[Round "1.7"]
[White "Kacirek, Jakub"]
[Black "Voriskova, Anna"]
[Result "1-0"]
[BlackElo "1960"]
[WhiteElo "1532"]
[LiveChessVersion "1.4.8"]

1. c4 {[%clk 1:30:55]} c5 {[%clk 1:30:44]} 2. Nf3 {[%clk 1:31:11]} Nf6
{[%clk 1:30:31]} 3. Nc3 {[%clk 1:31:29]} Nc6 {[%clk 1:30:50]} 4. d4
{[%clk 1:31:34]} cxd4 {[%clk 1:28:55]} 5. Nxd4 {[%clk 1:31:57]} g6
{[%clk 1:22:35]} 6. e4 {[%clk 1:32:16]} Qc7 {[%clk 1:20:59]} 7. Be2
{[%clk 1:31:25]} Bg7 {[%clk 1:20:40]} 8. Be3 {[%clk 1:31:37]} O-O
{[%clk 1:18:19]} 9. O-O {[%clk 1:31:35]} d6 {[%clk 1:17:31]} 10. f4
{[%clk 1:30:53]} Bd7 {[%clk 1:09:34]} 11. Kh1 {[%clk 1:30:01]} Rac8
{[%clk 1:07:59]} 12. b3 {[%clk 1:20:44]} Nxd4 {[%clk 1:03:17]} 13. Bxd4
{[%clk 1:20:47]} Bc6 {[%clk 1:00:42]} 14. Bf3 {[%clk 1:17:37]} e6
{[%clk 0:54:00]} 15. Rc1 {[%clk 1:13:36]} Rfd8 {[%clk 0:49:56]} 16. Qe1
{[%clk 1:10:52]} Nd7 {[%clk 0:43:13]} 17. Bxg7 {[%clk 1:11:05]} Kxg7
{[%clk 0:43:36]} 18. Qg3 {[%clk 1:06:05]} Qa5 {[%clk 0:41:57]} 19. Rfd1
{[%clk 1:03:59]} Nf6 {[%clk 0:38:54]} 20. h4 {[%clk 0:35:36]} a6 {[%clk 0:31:23]}
21. Qg5 {[%clk 0:34:40]} Qxg5 {[%clk 0:28:44]} 22. hxg5 {[%clk 0:35:09]} Ne8
{[%clk 0:28:53]} 23. a4 {[%clk 0:31:00]} Rb8 {[%clk 0:22:08]} 24. b4
{[%clk 0:26:11]} b6 {[%clk 0:19:50]} 25. e5 {[%clk 0:18:38]} Bxf3
{[%clk 0:19:33]} 26. gxf3 {[%clk 0:19:08]} dxe5 {[%clk 0:18:47]} 27. fxe5
{[%clk 0:19:04]} Rbc8 {[%clk 0:17:57]} 28. Ne4 {[%clk 0:13:57]} Rxc4
{[%clk 0:12:43]} 29. Rxd8 {[%clk 0:12:43]} Rxc1+ {[%clk 0:13:04]} 30. Kg2
{[%clk 0:12:31]} f5 {[%clk 0:10:22]} 31. gxf6+ {[%clk 0:11:44]} Kf7
{[%clk 0:10:23]} 32. Rd7+ {[%clk 0:12:02]} Kf8 {[%clk 0:10:44]} 33. Rxh7
{[%clk 0:11:05]} 1-0

[Event "Mistrovstvi Cech 2019 - U16"]
[Site "?"]
[Date "2019.10.26"]
[Round "1.8"]
[White "Brozka, Karel"]
[Black "Strnadova, Monika"]
[Result "1-0"]
[BlackElo "1488"]
[WhiteElo "1940"]
[LiveChessVersion "1.4.8"]

1. d4 {[%clk 1:30:57]} Nf6 {[%clk 1:30:54]} 2. Nf3 {[%clk 1:31:23]} g6
{[%clk 1:31:19]} 3. c4 {[%clk 1:31:40]} Bg7 {[%clk 1:31:32]} 4. Nc3
{[%clk 1:32:03]} d6 {[%clk 1:31:53]} 5. Bg5 {[%clk 1:31:59]} O-O {[%clk 1:32:06]}
6. e3 {[%clk 1:31:21]} Nbd7 {[%clk 1:29:30]} 7. Be2 {[%clk 1:31:22]} c5
{[%clk 1:27:31]} 8. d5 {[%clk 1:31:07]} Nb6 {[%clk 1:24:58]} 9. Qc2
{[%clk 1:29:45]} Re8 {[%clk 1:20:34]} 10. O-O {[%clk 1:28:46]} e6
{[%clk 1:19:05]} 11. dxe6 {[%clk 1:27:54]} Bxe6 {[%clk 1:19:14]} 12. b3
{[%clk 1:24:55]} d5 {[%clk 1:17:20]} 13. cxd5 {[%clk 1:22:38]} Nbxd5
{[%clk 1:12:14]} 14. Nxd5 {[%clk 1:17:12]} Bxd5 {[%clk 1:09:31]} 15. Rad1
{[%clk 1:16:03]} Qb6 {[%clk 1:07:55]} 16. Bxf6 {[%clk 1:15:07]} Be4
{[%clk 1:05:56]} 17. Qc4 {[%clk 1:08:43]} Bxf6 {[%clk 1:05:03]} 18. Rd7
{[%clk 1:06:34]} Qe6 {[%clk 1:02:36]} 19. Rfd1 {[%clk 1:02:51]} Bc6
{[%clk 0:59:24]} 20. R7d6 {[%clk 1:01:11]} Qxc4 {[%clk 0:58:41]} 21. Bxc4
{[%clk 1:01:27]} Be7 {[%clk 0:58:46]} 22. R6d2 {[%clk 1:00:26]} Bf6
{[%clk 0:56:21]} 23. Rd6 {[%clk 0:56:44]} Be7 {[%clk 0:56:30]} 24. R6d2
{[%clk 0:55:55]} Bf6 {[%clk 0:56:53]} 25. Kf1 {[%clk 0:55:59]} Rad8
{[%clk 0:54:41]} 26. Ke2 {[%clk 0:53:33]} Rxd2+ {[%clk 0:53:32]} 27. Rxd2
{[%clk 0:53:53]} Rd8 {[%clk 0:53:45]} 28. Rxd8+ {[%clk 0:53:25]} Bxd8
{[%clk 0:54:13]} 29. Ne5 {[%clk 0:47:21]} Be8 {[%clk 0:53:05]} 30. Kf3
{[%clk 0:46:09]} Bc7 {[%clk 0:53:01]} 31. Nd3 {[%clk 0:36:07]} Bc6+
{[%clk 0:52:05]} 32. e4 {[%clk 0:36:31]} b5 {[%clk 0:49:45]} 33. Bd5
{[%clk 0:36:29]} Bxd5 {[%clk 0:50:08]} 34. exd5 {[%clk 0:36:56]} c4
{[%clk 0:50:28]} 35. bxc4 {[%clk 0:36:39]} bxc4 {[%clk 0:50:52]} 36. Nb4
{[%clk 0:36:20]} a5 {[%clk 0:49:24]} 37. Nc2 {[%clk 0:35:38]} f5 {[%clk 0:47:44]}
38. Ke3 {[%clk 0:34:19]} Be5 {[%clk 0:44:59]} 39. Na3 {[%clk 0:30:26]} c3
{[%clk 0:42:55]} 40. Nc4 {[%clk 0:30:21]} Bf6 {[%clk 0:42:16]} 41. Nxa5
{[%clk 0:29:35]} c2 {[%clk 0:41:52]} 42. Nb3 {[%clk 0:28:52]} Kf7
{[%clk 0:42:11]} 43. Kd2 {[%clk 0:27:48]} Ke7 {[%clk 0:42:18]} 44. Kxc2
{[%clk 0:27:37]} Kd6 {[%clk 0:42:25]} 45. Kd3 {[%clk 0:27:55]} Kxd5
{[%clk 0:42:40]} 46. a4 {[%clk 0:27:50]} Be5 {[%clk 0:42:07]} 47. h3
{[%clk 0:28:13]} Bb8 {[%clk 0:42:02]} 48. a5 {[%clk 0:25:58]} Ba7
{[%clk 0:41:03]} 49. f3 {[%clk 0:25:09]} Ke5 {[%clk 0:40:46]} 50. g3
{[%clk 0:21:04]} g5 {[%clk 0:38:48]} 51. Nd2 {[%clk 0:18:01]} Kd5
{[%clk 0:37:58]} 52. Nc4 {[%clk 0:17:28]} Kc5 {[%clk 0:37:36]} 53. Ne3
{[%clk 0:17:15]} f4 {[%clk 0:35:40]} 54. gxf4 {[%clk 0:17:40]} gxf4
{[%clk 0:36:03]} 55. Ng2 {[%clk 0:18:05]} Kb5 {[%clk 0:36:03]} 56. Nxf4
{[%clk 0:18:14]} Kxa5 {[%clk 0:36:25]} 57. Ke4 {[%clk 0:18:30]} 1-0

[Event "Mistrovstvi Cech 2019 - U16"]
[Site "?"]
[Date "2019.10.26"]
[Round "1.9"]
[White "Muller, David"]
[Black "Hosnedl, Matyas"]
[Result "0-1"]
[BlackElo "1930"]
[WhiteElo "1481"]
[LiveChessVersion "1.4.8"]

1. e4 {[%clk 1:30:58]} e6 {[%clk 1:30:36]} 2. d4 {[%clk 1:31:20]} d5
{[%clk 1:30:38]} 3. exd5 {[%clk 1:31:28]} exd5 {[%clk 1:30:33]} 4. c4
{[%clk 1:31:26]} Nf6 {[%clk 1:29:34]} 5. Nc3 {[%clk 1:30:58]} Be7
{[%clk 1:28:29]} 6. Nf3 {[%clk 1:29:03]} O-O {[%clk 1:28:34]} 7. b3
{[%clk 1:28:32]} Re8 {[%clk 1:24:22]} 8. Be2 {[%clk 1:27:36]} Bb4
{[%clk 1:19:30]} 9. Bd2 {[%clk 1:22:49]} Bf5 {[%clk 1:19:13]} 10. O-O
{[%clk 1:21:59]} Nc6 {[%clk 1:14:44]} 11. cxd5 {[%clk 1:11:35]} Nxd5
{[%clk 1:13:03]} 12. Nxd5 {[%clk 1:10:22]} Qxd5 {[%clk 1:11:22]} 13. Bc4
{[%clk 1:10:08]} Qd6 {[%clk 1:06:13]} 14. Bxb4 {[%clk 0:56:28]} Qxb4
{[%clk 1:00:15]} 15. Re1 {[%clk 0:49:08]} Rad8 {[%clk 0:52:21]} 16. Rxe8+
{[%clk 0:43:41]} Rxe8 {[%clk 0:52:02]} 17. d5 {[%clk 0:38:23]} Ne5
{[%clk 0:36:13]} 18. Nxe5 {[%clk 0:29:36]} Rxe5 {[%clk 0:35:54]} 19. Qd4
{[%clk 0:29:20]} Re1+ {[%clk 0:31:08]} 20. Rxe1 {[%clk 0:29:36]} Qxe1+
{[%clk 0:31:27]} 21. Bf1 {[%clk 0:30:04]} h6 {[%clk 0:31:02]} 22. d6
{[%clk 0:23:43]} cxd6 {[%clk 0:28:04]} 23. Qxd6 {[%clk 0:23:58]} Qb1
{[%clk 0:28:05]} 24. Qd2 {[%clk 0:23:41]} Bc2 {[%clk 0:27:37]} 25. Qd7
{[%clk 0:21:29]} a5 {[%clk 0:24:37]} 26. h3 {[%clk 0:14:56]} b6 {[%clk 0:19:55]}
27. g3 {[%clk 0:12:18]} Kh7 {[%clk 0:14:48]} 28. h4 {[%clk 0:09:16]} Bf5
{[%clk 0:10:23]} 29. Qd2 {[%clk 0:08:17]} b5 {[%clk 0:07:59]} 30. Kg2
{[%clk 0:04:52]} Be4+ {[%clk 0:07:32]} 31. Kg1 {[%clk 0:03:54]} b4
{[%clk 0:07:30]} 32. f4 {[%clk 0:02:21]} Qc2 {[%clk 0:05:55]} 33. Qxc2
{[%clk 0:01:43]} Bxc2 {[%clk 0:06:17]} 34. Kf2 {[%clk 0:01:39]} Bb1
{[%clk 0:06:25]} 35. Bb5 {[%clk 0:02:05]} Bxa2 {[%clk 0:06:24]} 36. Ba4
{[%clk 0:02:30]} Kg6 {[%clk 0:06:31]} 37. g4 {[%clk 0:01:43]} Kf6
{[%clk 0:05:49]} 38. g5+ {[%clk 0:01:29]} Ke6 {[%clk 0:05:15]} 39. Ke3
{[%clk 0:01:12]} Bb1 {[%clk 0:05:07]} 40. Bb5 {[%clk 0:01:09]} Kf5
{[%clk 0:04:29]} 41. Bd7+ {[%clk 0:00:47]} Kg6 {[%clk 0:04:45]} 42. Kf3
{[%clk 0:00:54]} Bf5 {[%clk 0:04:30]} 43. Bb5 {[%clk 0:01:09]} Be6
{[%clk 0:04:18]} 44. Ba4 {[%clk 0:00:49]} Kf5 {[%clk 0:04:34]} 0-1